000 00264nam a2200109Ia 4500
008 190216s9999||||xx |||||||||||||| ||und||
100 _aKhanna Ml & Varsheny Ls
245 0 _aReal Analysis
260 _bJaiprakash Nath &co
_c1993
300 _a502p
942 _cBK
999 _c31079
_d31079